| 000 | 01712nam a2200289Ia 4500 | ||
|---|---|---|---|
| 003 | OSt | ||
| 005 | 20211105085219.0 | ||
| 008 | 210310s1970 sp fr 000 0 spa d | ||
| 020 | _a8403181922 | ||
| 040 |
_aCO-JMCR _cCO-JMCR |
||
| 041 | 1 |
_aspa _heng |
|
| 082 | 0 | 4 |
_a339 / _bA425t _223 |
| 100 | 1 |
_aAllen Roy, George Douglas, _918057 _eautor |
|
| 245 | 1 | 0 |
_aTeoría macroeconómica : _btratamiento matemático / _cR.G.D. Allen ; traducción del inglés por José Luis Barinaga Blanco |
| 250 | _aPrimera edición | ||
| 260 |
_aMadrid : _bAguilar, _c1970 |
||
| 300 |
_axix, 515 páginas ; _c22 cm. |
||
| 490 | 0 | _aBiblioteca de Ciencias Sociales. Economía | |
| 500 | _aTítulo original: macro-economic theory (a mathematical treatment) Incluye índice alfabético y solución a los ejercicios. | ||
| 505 | 0 | _aLas funciones de consumo y ahorro -- La tecnología de la economía -- Las funciones de inversión -- La dinámica económica -- La teoría macroeconómica clásica -- Los modelos Keynesianos -- La demanda global -- El multiplicador dinámico -- Acumulación de capital -- Modelos simples de crecimiento -- Modelos de crecimiento con dos sectores -- El progreso técnico -- Modelos neoclásicos de crecimiento -- Los modelos de generación -- Los modelos (Keynesianos) de Kaldor -- Modelos basados en el multiplicador y acelerador -- La regulación económica -- La teoría del ciclo económico -- Modelos de crecimiento cíclico | |
| 546 | _aTraducido del inglés. | ||
| 650 | 1 | 4 |
_aMacroeconomía _918059 |
| 650 | 2 | 4 |
_aMacroeconomía _xModelos matemáticos _939930 |
| 650 | 2 | 4 |
_aMacroeconomía _xCorrientes _941427 |
| 700 | 1 |
_aBarinaga Blanco, José Luis, _etraductor _941428 |
|
| 942 |
_2ddc _cBK |
||
| 999 |
_c8709 _d8709 |
||